[Event "Titled Tuesday intern op 25th Jun Early"]
[Site "Chess.com INT"]
[Date "2024.06.25"]
[Round "1"]
[White "Chincholimath, Halsagar"]
[Black "Khamzin, Olzhas"]
[Result "0-1"]
[WhiteElo "1852"]
[BlackElo "2272"]
[PlyCount "74"]
[EventDate "2024.06.25"]
[EventType "swiss (blitz)"]
[EventRounds "11"]
[EventCountry "USA"]
[SourceTitle "EXT 2025"]
[Source "ChessBase"]
[SourceDate "2024.10.14"]
[SourceVersion "1"]
[SourceVersionDate "2024.10.14"]
[SourceQuality "1"]

1. d4 Nf6 2. c3 e6 3. Bg5 c5 4. e3 Be7 5. Bd3 b6 6. Ne2 Bb7 7. 0-0 h6 8. Bh4 d6 9. f4 Nbd7 10. Nd2 Qc7 11. Nf3 0-0 12. Bg3 Rfe8 13. Rc1 Ne4 14. Bb1 Ndf6 15. Qc2 Rac8 16. Nd2 Qc6 17. Nxe4 Qxe4 18. Qxe4 Bxe4 19. Bxe4 Nxe4 20. Rfd1 f5 21. Be1 d5 22. Ng3 Nxg3 23. Bxg3 c4 24. Kf2 b5 25. a3 a5 26. Ke2 Rb8 27. Be1 Rb7 28. Rb1 Reb8 29. Kd2 b4 30. axb4 axb4 31. Kc2 b3+ 32. Kd2 Ra8 33. Ra1 Ra2 34. Rdb1 Rba7 35. Kc1 Rxa1 36. Rxa1 Rxa1+ 37. Kd2 Ba3 0-1

[Event "Titled Tuesday intern op 25th Jun Early"]
[Site "Chess.com INT"]
[Date "2024.06.25"]
[Round "2"]
[White "Kaliakhmet, Elnaz"]
[Black "Chincholimath, Halsagar"]
[Result "1-0"]
[WhiteElo "2138"]
[BlackElo "1852"]
[PlyCount "67"]
[EventDate "2024.06.25"]
[EventType "swiss (blitz)"]
[EventRounds "11"]
[EventCountry "USA"]
[SourceTitle "EXT 2025"]
[Source "ChessBase"]
[SourceDate "2024.10.14"]
[SourceVersion "1"]
[SourceVersionDate "2024.10.14"]
[SourceQuality "1"]

1. e4 c6 2. Nf3 d5 3. Nc3 Bg4 4. h3 Bh5 5. exd5 cxd5 6. d4 Nf6 7. Bb5+ Nc6 8. g4 Bg6 9. Ne5 Rc8 10. Bf4 e6 11. Qd2 Bb4 12. f3 0-0 13. a3 Bxc3 14. bxc3 Nxe5 15. Bxe5 Nd7 16. Bxd7 Qxd7 17. h4 f6 18. Bg3 Rc4 19. h5 Bf7 20. h6 g6 21. Rb1 Rfc8 22. Rb3 b6 23. Qf4 Qe7 24. g5 fxg5 25. Qe5 Be8 26. Kd2 Ba4 27. Rb4 b5 28. Rxc4 dxc4 29. Re1 Re8 30. Qe4 Qf6 31. Be5 Qf5 32. Qb7 Qxc2+ 33. Ke3 Qd3+ 34. Kf2 1-0

[Event "Titled Tuesday intern op 11th Jun Early"]
[Site "Chess.com INT"]
[Date "2024.06.11"]
[Round "7"]
[White "Tikhonov, Viacheslav"]
[Black "Chincholimath, Halsagar"]
[Result "1-0"]
[WhiteElo "2160"]
[BlackElo "1852"]
[PlyCount "65"]
[EventDate "2024.06.11"]
[EventType "swiss (blitz)"]
[EventRounds "11"]
[EventCountry "USA"]
[SourceTitle "EXT 2025"]
[Source "ChessBase"]
[SourceDate "2024.10.14"]
[SourceVersion "1"]
[SourceVersionDate "2024.10.14"]
[SourceQuality "1"]

1. e4 c6 2. d4 d5 3. e5 Bf5 4. h4 h5 5. Bd3 Bxd3 6. Qxd3 e6 7. Bg5 Qb6 8. Nd2 c5 9. c4 Qxb2 10. Rd1 Qxd4 11. Qb3 Qxe5+ 12. Ne2 Nd7 13. Bf4 Qf5 14. Qxb7 Rd8 15. Bc7 Be7 16. Bxd8 Bxd8 17. cxd5 Qxd5 18. Qxa7 Ngf6 19. Nf3 Qe4 20. Kf1 0-0 21. Ng5 Qc2 22. Re1 Bb6 23. Qb7 Ba5 24. Qb1 Qc4 25. Rc1 Qa6 26. Rh3 Rb8 27. Qc2 Ne5 28. Re3 Neg4 29. Rg3 c4 30. Kg1 Qb6 31. Nf4 Qd4 32. Rf3 Bb6 33. Nxh5 1-0

[Event "Titled Tuesday intern op 04th Jun Early"]
[Site "Chess.com INT"]
[Date "2024.06.04"]
[Round "3"]
[White "Chincholimath, Halsagar"]
[Black "Li, Hui"]
[Result "0-1"]
[WhiteElo "1852"]
[BlackElo "2024"]
[PlyCount "22"]
[EventDate "2024.06.04"]
[EventType "swiss (blitz)"]
[EventRounds "11"]
[EventCountry "USA"]
[SourceTitle "EXT 2025"]
[Source "ChessBase"]
[SourceDate "2024.10.14"]
[SourceVersion "1"]
[SourceVersionDate "2024.10.14"]
[SourceQuality "1"]

1. e4 e5 2. Nf3 Nf6 3. Bc4 Nxe4 4. Nc3 Nc6 5. Bxf7+ Kxf7 6. Nxe4 d5 7. Neg5+ Kg8 8. c4 h6 9. cxd5 Qxd5 10. Nh3 Bxh3 11. gxh3 Nd4 0-1

[Event "Titled Tuesday intern op 28th May Early"]
[Site "Chess.com INT"]
[Date "2024.05.28"]
[Round "10"]
[White "Terletsky, Oleg"]
[Black "Chincholimath, Halsagar"]
[Result "1-0"]
[WhiteElo "2160"]
[BlackElo "1852"]
[PlyCount "73"]
[EventDate "2024.05.28"]
[EventType "swiss (blitz)"]
[EventRounds "11"]
[EventCountry "USA"]
[SourceTitle "EXT 2025"]
[Source "ChessBase"]
[SourceDate "2024.10.14"]
[SourceVersion "1"]
[SourceVersionDate "2024.10.14"]
[SourceQuality "1"]

1. e4 e5 2. Nf3 Nf6 3. Nc3 Bc5 4. Bc4 Nc6 5. d3 d6 6. h3 Be6 7. Bb3 h6 8. Be3 0-0 9. Qd2 a5 10. g4 Nd4 11. Bxd4 exd4 12. Ne2 d5 13. e5 Nd7 14. a4 f5 15. Nfxd4 Nxe5 16. 0-0-0 Qd7 17. Nxe6 Qxe6 18. Nf4 Qb6 19. Nxd5 Qa7 20. d4 Nf3 21. Qd3 Nxd4 22. Nxc7+ Kh8 23. Nxa8 Qxa8 24. Rhe1 Qc8 25. Bc4 fxg4 26. hxg4 Qxg4 27. c3 Qf4+ 28. Kb1 Nf3 29. Re4 Qf5 30. Qd5 Bxf2 31. Qxf5 Rxf5 32. Re8+ Kh7 33. Bd3 g6 34. Re7+ Kg8 35. Bxf5 Kf8 36. Rxb7 gxf5 37. Rd8# 1-0

[Event "Titled Tuesday intern op 14th May Early"]
[Site "Chess.com INT"]
[Date "2024.05.14"]
[Round "6"]
[White "Chincholimath, Halsagar"]
[Black "Yonal, Timur"]
[Result "0-1"]
[WhiteElo "1852"]
[BlackElo "2079"]
[PlyCount "40"]
[EventDate "2024.05.14"]
[EventType "swiss (blitz)"]
[EventRounds "11"]
[EventCountry "USA"]
[SourceTitle "EXT 2025"]
[Source "ChessBase"]
[SourceDate "2024.10.14"]
[SourceVersion "1"]
[SourceVersionDate "2024.10.14"]
[SourceQuality "1"]

1. e4 c5 2. b4 cxb4 3. a3 bxa3 4. d4 d5 5. e5 Nc6 6. c3 e6 7. Nf3 Nge7 8. Bd3 Nf5 9. Qc2 Be7 10. Bxa3 0-0 11. 0-0 g6 12. g4 Ng7 13. Qd2 f6 14. Qh6 fxe5 15. Bxe7 Qxe7 16. Nh4 e4 17. Be2 e5 18. dxe5 Nxe5 19. c4 Bxg4 20. Bxg4 Nxg4 0-1

[Event "Titled Tuesday intern op 09th Apr Early"]
[Site "Chess.com INT"]
[Date "2024.04.09"]
[Round "4"]
[White "Chincholimath, Halsagar"]
[Black "Slovineanu, Viacheslav"]
[Result "0-1"]
[WhiteElo "1852"]
[BlackElo "2412"]
[PlyCount "184"]
[EventDate "2024.04.09"]
[EventType "swiss (blitz)"]
[EventRounds "11"]
[EventCountry "USA"]
[SourceTitle "EXT 2025"]
[Source "ChessBase"]
[SourceDate "2024.10.14"]
[SourceVersion "1"]
[SourceVersionDate "2024.10.14"]
[SourceQuality "1"]

1. e4 c6 2. Bc4 d5 3. Bb3 Nf6 4. e5 Nfd7 5. d4 e6 6. Nf3 c5 7. c3 Nc6 8. 0-0 a6 9. a4 cxd4 10. cxd4 Be7 11. Bf4 0-0 12. Re1 f6 13. exf6 Nxf6 14. Nbd2 h6 15. h3 Bd7 16. Qe2 Rc8 17. Rac1 Bb4 18. Red1 Qb6 19. Qd3 Rf7 20. Bxh6 gxh6 21. Qg6+ Kf8 22. Qxh6+ Ke7 23. Ne5 Bxd2 24. Rxd2 Qxb3 25. Nxf7 Kxf7 26. Rc3 Qb4 27. Rdd3 Rg8 28. Rg3 Rxg3 29. Rxg3 Qf8 30. Qf4 Ke7 31. Rf3 Be8 32. Qc7+ Bd7 33. Qxb7 Qb8 34. Qxa6 Qxb2 35. Qd3 Nxd4 36. Re3 Qc1+ 37. Kh2 Nc6 38. Qg6 d4 39. Qg7+ Kd6 40. Rf3 Nd5 41. Qf8+ Kc7 42. Rb3 Qf4+ 43. Qxf4+ Nxf4 44. g3 Nd5 45. h4 e5 46. h5 e4 47. h6 Bf5 48. g4 Bh7 49. Rb5 Kd6 50. a5 d3 51. Rb2 Nxa5 52. Kg3 Nc4 53. Ra2 d2 54. Ra1 e3 55. fxe3 Ndxe3 56. g5 d1Q 57. Rxd1+ Nxd1 58. Kf4 Ne5 59. Kg3 Nc3 60. g6 Bxg6 61. h7 Bxh7 62. Kf4 Kd5 63. Kg5 Be4 64. Kf6 Nb5 65. Kg5 Nd3 66. Kf6 Nd4 67. Ke7 Ke5 68. Kd7 Nb5 69. Ke7 Nc5 70. Kf7 Bf5 71. Ke7 Nd4 72. Kd8 Kd6 73. Ke8 Be6 74. Kd8 Nc6+ 75. Ke8 Nd3 76. Kf8 Nf4 77. Kg7 Ke5 78. Kh6 Kf6 79. Kh7 Nb4 80. Kh6 Nbd5 81. Kh7 Ne7 82. Kh6 Nf5+ 83. Kh7 Bf7 84. Kh8 Bg6 85. Kg8 Nh5 86. Kf8 Nd6 87. Kg8 Ng3 88. Kh8 Ngf5 89. Kg8 Ne3 90. Kf8 Ng4 91. Kg8 Nh6+ 92. Kh8 Ndf7# 0-1